Semantic: An introduction to the science of meaning (Record no. 160869)

MARC details
000 -LEADER
fixed length control field 00375nam a2200145Ia 4500
008 - FIXED-LENGTH DATA ELEMENTS--GENERAL INFORMATION
fixed length control field 230917s9999||||xx |||||||||||||| ||und||
040 ## - CATALOGING SOURCE
-- 58975
Original cataloging agency VIVEKANANDA LIBRARY
041 ## - Language
-- English
082 ## - DDC NUMBER
Classification number 412 U4S
100 ## - MAIN ENTRY--PERSONAL NAME
Personal name Ullmann, Stephen
245 #0 - TITLE STATEMENT
Title Semantic: An introduction to the science of meaning
260 ## - PUBLICATION, DISTRIBUTION, ETC. (IMPRINT)
Place of publication, distribution, etc Oxford
Name of publisher, distributor, etc Basil Blackwell
Date of publication, distribution, etc 1977
300 ## - PHYSICAL DESCRIPTION
Pages 278 p.
942 ## - ADDED ENTRY ELEMENTS (KOHA)
Koha item type Books
Holdings
Withdrawn status Lost status Damaged status Not for loan Location (home branch) Sublocation or collection (holding branch) Date acquired Koha issues (times borrowed) Koha full call number Accession No. Koha date last seen Koha item type
        VIVEKANANDA LIBRARY VIVEKANANDA LIBRARY 30/12/2002   412 U4S 29467 17/09/2023 Books
© Designed and Maintained by Vivekananda Library, MDU Rohtak